000 00936nam a2200349 a 4500
001 vtls000004485
003 NLI
005 20210601180404.0
008 101125s1972 ii a 000 0 eng
039 9 _y201011250016
_zVLOAD
040 0 _aNLI
_beng
_cVERGIS-2003
041 0 _aeng
044 _aii
082 0 4 _a613.71
100 1 _aRajagopal, T.V.
_917987
245 1 0 _aYoga:
_bthe magic power/
_cT.V. Rajagopal, R. Shastri
260 _aDelhi:
_bUniversal Pub,
_c1972
300 _a215 p.:
_bill.;
_c23 cm.
650 0 _aYoga
_9297
650 0 _aBreathing exercise
_916682
650 0 _aPhilosophy, Hindu
700 1 _aShastri, R.B.
_917988
887 _aVijayalakshmi
901 _a21545
_b16/09/1972
902 _aE 613.71 R 13
903 _a17/02/2004
904 _aVijayalakshmi
906 _a002410
949 _AVIRTUAITEM
_D10000
_F1
_X100
_6DBA000021545ENG
_aE 613.71 R13
942 _2ddc
_cBKS
999 _c8331
_d8331